00466nam a22001457a 4500010001300000020002600013035001300039037001500052082001500067100002000082245008500102260003400187270007800221300002100299 aB-682373 a9789351951346c250.00 aB-682373 aDPLbPansy a796.812092 aGuggal, Saurabh aAkhada :bthe authorized biography of Mahavir Singh Phogat /c by Saurabh Duggal aGurgaonbHachette Bookc2016  a4th & 5th Floor, Corporate Centre, Plot No.94, Sector-44bGurgaone122003 a219p.c19cm(pbk)